Capitals of Countries Bordering Saudi Arabia - Statistics

General Stats
  • This quiz has been taken 168 times
  • The average score is 6 of 7
Answer Stats
Country Capital % Correct
Iraq Baghdad
94%
Qatar Doha
94%
United Arab Emirates Abu Dhabi
92%
Yemen Sana'a
91%
Jordan Amman
90%
Kuwait Kuwait City
90%
Oman Muscat
90%
No matching quizzes found
Score Distribution
Percent of People with Each Score
Percentile by Number Answered
Your Score History
You have not taken this quiz